000
00294nam a2200109Ia 4500
008
200302s9999 xx 000 0 und d
100
_a
S. C. Arora & Other
245
_a
A Course in Refrigeration & Air- Conditioning
260
_b
Dhanpat Rai & Co. (P) Ltd.
260
_c
2002
300
_a
40-24 P.,
999
_c
1363
_d
1363